鎌ケ谷市の町字 - Statistics

General Stats
  • This quiz has been taken 6 times
  • The average score is 12 of 31
Answer Stats
町名 % Correct
鎌ケ谷
100%
初富
100%
新鎌ケ谷
80%
馬込沢
80%
北初富
60%
東初富
60%
東道野辺
60%
道野辺
60%
道野辺本町
60%
粟野
40%
軽井沢
40%
串崎新田
40%
くぬぎ山
40%
南初富
40%
右京塚
20%
北中沢
20%
佐津間
20%
中央
20%
富岡
20%
中佐津間
20%
中沢
20%
中沢新町
20%
西佐津間
20%
西道野辺
20%
初富本町
20%
東鎌ケ谷
20%
東中沢
20%
丸山
20%
道野辺中央
20%
南鎌ケ谷
20%
南佐津間
20%
No matching quizzes found
Score Distribution
Percent of People with Each Score
Percentile by Number Answered
Your Score History
You have not taken this quiz